| 000 | 00732nab a2200229 a 4500 | ||
|---|---|---|---|
| 005 | 20210219161747.0 | ||
| 008 | 991125s1985 mx 000 0 spa u | ||
| 035 | _aUPN01000191221 | ||
| 100 | 1 | _aGaraigordobil Landazabal, Maite | |
| 222 | _aINFANCIA Y APRENDIZAJE = | ||
| 222 | _bJOURNAL FOR THE STUDY OF EDUCATION AND DEVELOPMENT | ||
| 245 | _aCooperative conflict-solving during adolescence : relationships with cognitive-behavioural and predictor variables | ||
| 260 | _aMadrid, EspaƱa | ||
| 300 | _a151-165 | ||
| 362 | 0 | _a2012 Vol. 35, no. 2, may. | |
| 653 | 0 | _aRESOLUCION DE CONFLICTOS | |
| 653 | 0 | _aEMPATIA | |
| 653 | 0 | _aAUTOCONCEPTO | |
| 653 | 0 | _aVIOLENCIA | |
| 653 | 0 | _aCONDUCTA SOCIAL | |
| 905 | _aArticulo | ||
| 999 |
_c163324 _d163324 |
||